An exposition of the seven church ages. (Record no. 16304)

000 -LEADER
fixed length control field 00494nam a2200169 a 4500
001 - CONTROL NUMBER
control field :::00019153$&:&@@
003 - CONTROL NUMBER IDENTIFIER
control field OkBaRHE
005 - DATE AND TIME OF LATEST TRANSACTION
control field 20010208102043.0
008 - FIXED-LENGTH DATA ELEMENTS--GENERAL INFORMATION
fixed length control field j 000 0 eng u
040 ## - CATALOGING SOURCE
Transcribing agency
100 1# - MAIN ENTRY--PERSONAL NAME
Personal name Branham, William Marrion (1909-1965)
245 13 - TITLE STATEMENT
Title An exposition of the seven church ages.
260 ## - PUBLICATION, DISTRIBUTION, ETC. (IMPRINT)
Place of publication, distribution, etc Tuscon, Arizona
300 ## - PHYSICAL DESCRIPTION
Extent 381 p.
942 ## - ADDED ENTRY ELEMENTS (KOHA)
Source of classification or shelving scheme
Koha item type Books
Copies
Date acquired Date last seen Not for loan Barcode Damaged status Full call number Lost status Copy number Koha item type Source of classification or shelving scheme Permanent Location Withdrawn status Price effective from Shelving location
2010-04-142010-04-14 19153 BX 2825 .B7 1Books RHEMA Bible Training College 2010-04-14General Stacks